| Tag |
First Indicator |
Second Indicator |
Subfields |
| LEADER |
00000uam a2200000 a 4500 |
| 001 |
in00004247813 |
| 005 |
20260122202500.9 |
| 006 |
m o d |
| 007 |
cr cn |
| 008 |
260515s2015 xx o eng |
| 020 |
|
|
|z 9781784395711
|
| 020 |
|
|
|z 9781784399603
|
| 035 |
|
|
|a (CaSebORM)9781784395711
|
| 040 |
|
|
|d UtOrBLW
|
| 041 |
0 |
|
|a eng
|
| 100 |
1 |
|
|a T︠S︡onev, Krasimir,
|e author.
|0 http://id.loc.gov/authorities/names/n85191348
|
| 245 |
1 |
0 |
|a Node.js By Example /
|c Tsonev, Krasimir.
|
| 250 |
|
|
|a 1st edition.
|
| 264 |
|
1 |
|b Packt Publishing,
|c 2015.
|
| 300 |
|
|
|a 1 online resource (220 pages)
|
| 336 |
|
|
|a text
|b txt
|2 rdacontent
|
| 337 |
|
|
|a computer
|b c
|2 rdamedia
|
| 338 |
|
|
|a online resource
|b cr
|2 rdacarrier
|
| 347 |
|
|
|a text file
|
| 520 |
|
|
|a Learn to use Node.js by creating a fully functional social network In Detail Node.js is a JavaScript-driven technology, which means that developers can use the same language to write backend code. Its growing community and the large amount of available modules make Node.js one of the most attractive development environments. Node.js By Example covers Node.js fundamentals and teaches you how to use its technology to architect a project. It shows you how to manage an application's assets and how to implement the Model-View-Controller pattern. The next few chapters demonstrate how to develop the features of your social network. It also empowers you to communicate with a database, including storing, retrieving, and deleting data. The book ends by discussing the most popular ways to test your user interface in an efficient way. What You Will Learn Get to know the fundamentals of Node.js Understand why architecting is important and what the planning of a typical Node.js application looks like Successfully manage every web application asset such as CSS, JavaScript, or image files Implement the Model-View-Controller pattern in the context of a Node.js application Communicate with a database, including storing, retrieving, and deleting data Implement more complex features such as creating social network pages, tagging, sharing, and liking posts Create a real-time chat capability for users of the social network Explore how to test the user interface of your web application
|
| 533 |
|
|
|a Electronic reproduction.
|b Boston, MA :
|c Safari,
|n Available via World Wide Web.
|
| 538 |
|
|
|a Mode of access: World Wide Web.
|
| 542 |
|
|
|f Copyright © Packt Publishing
|
| 588 |
|
|
|a Online resource; Title from title page (viewed May 25, 2015)
|
| 500 |
|
|
|a Electronic resource.
|
| 655 |
|
7 |
|a Electronic books.
|2 local
|
| 710 |
2 |
|
|a Safari, an O'Reilly Media Company.
|
| 856 |
4 |
0 |
|u https://proxy.library.tamu.edu/login?url=https://go.oreilly.com/TAMU/library/view/-/9781784395711/?ar
|z Connect to this electronic resource
|t 0
|
| 999 |
f |
f |
|s 82a4912b-bc4f-341d-b296-140217233d7a
|i 086a4138-c693-3555-a377-7a258ca62c56
|t 0
|
| 952 |
f |
f |
|a Texas A&M University
|b College Station
|c Electronic Resources
|s www_evans
|d Available Online
|t 0
|h No information provided
|
| 998 |
f |
f |
|t 0
|l Available Online
|